| 000 | 00451cam a2200181ua 4500 | ||
|---|---|---|---|
| 020 | _cRs 2.50 | ||
| 041 |
_ahin _h |
||
| 082 |
_a891.54 _bSHA/AD |
||
| 100 | _aShamsher Singh, Naroola . | ||
| 245 |
_aAdhi rat ka suraj / _cShamsher Singh Naroola. _hTextual Documents |
||
| 250 |
_a1 / _b. |
||
| 260 |
_aDelhi : _bRajkamal Prakash , _c1958. |
||
| 300 | _a151 ; . | ||
| 365 | _aRs 2.50 | ||
| 504 | _a | ||
| 942 | _cBK | ||
| 999 |
_c3602 _d3602 |
||